00680 a2200193 45000010006000000050017000060080041000230030015000640400040000790800111001192450071002300200022003012640068003233000019003910410008004101000021004187000023004397000024004626293420260407155923.0260407a1982 arg spa dAR-UNSa-BCEJYS aAR-UNSa-BCEJYSbspacAR-UNSa-BCEJYS a621.039xTecnología nuclear. Energía atómica e industria atómica. Ingeniería nuclear en general 10aNucleopolispMateriales para el análisis de una sociedad nuclear a978-84-7088-304-0 1aMadrid :bInstituto de Estudios de Administración Localc1982 a479 p.c21 cm. aspa1 aFagnani, Francis1 aNicolon, Alexandre1 aVioque Lozano, Juan